Lịch sử văn hoá Trung Quốc : 300 đề mục theo bản gốc của nhà xuất bản cổ tịch Thượng Hải T.2 /

Giới thiệu tường tận về lịch sử văn hoá Trung Quốc bao gồm mọi mặt hoạt động vật chất và tinh thần của các tộc người từng sống trên vùng đất mà ngày nay là nước Trung Hoa.

Kaydedildi:
Detaylı Bibliyografya
Diğer Yazarlar: Trần Ngọc Thuận (dịch.), Đào Duy Đạt (dịch.), Đào Phương Chi (dịch.)
Materyal Türü: Kitap
Dil:Vietnamese
Baskı/Yayın Bilgisi: Hà Nội : Văn hoá thông tin, 1999.
Konular:
Etiketler: Etiketle
Etiket eklenmemiş, İlk siz ekleyin!
Thư viện lưu trữ: Mạng thư viện Đại học Đà Nẵng
LEADER 01458cam a2200409 i 4500
001 000043433
003 1400
005 20030911141036.0
008 010217b1999 vm 000 vie
020 |c 90000 
022 |a T 
040 |a IRC  |c IRC  |d IRC 
041 1 |a vie 
082 1 4 |a 306.089951  |b Li-S 
245 0 0 |a Lịch sử văn hoá Trung Quốc :  |b 300 đề mục theo bản gốc của nhà xuất bản cổ tịch Thượng Hải  |n T.2 /  |c Trần Ngọc Thuận, Đào Duy Đạt, Đào Phương Chi dịch. 
260 |a Hà Nội :  |b Văn hoá thông tin,  |c 1999. 
300 |a 684tr. ;  |c 24,5cm. 
520 3 |a Giới thiệu tường tận về lịch sử văn hoá Trung Quốc bao gồm mọi mặt hoạt động vật chất và tinh thần của các tộc người từng sống trên vùng đất mà ngày nay là nước Trung Hoa. 
630 0 4 |a Văn hoá. 
630 0 4 |a Lịch sử văn hoá. 
630 0 4 |a Văn hoá Trung Quốc. 
650 0 4 |a Văn hoá Trung Quốc. 
650 0 4 |a Trung Quốc  |b Văn hoá. 
650 0 4 |a Văn hoá  |x Hoạt động. 
700 1 |a Trần Ngọc Thuận,  |e dịch. 
700 1 |a Đào Duy Đạt,  |e dịch. 
700 1 |a Đào Phương Chi,  |e dịch. 
OWN |a DUT 
999 |a From the UDN01 
TYP |a Monograph 
TYP |a Printed language 
980 |a Mạng thư viện Đại học Đà Nẵng